000 01192cam a22002771a 4500
001 gs 47000281
003 DLC
005 20260227111353.0
008 790323s1947 dcu b f001 0 eng c
010 _ags 47000281
035 _a(OCoLC)4770399
040 _aU. S. Geol. Survey. Libr.
_cAzU
_dDNAL
_dOCoLC
_dDLC
050 0 0 _aTC801
_b.U2 no. 992
070 0 _a407
_bG29W no.992
072 0 _aP200
082 _a016.55149
100 1 _aWaring, Gerald A.
_q(Gerald Ashley),
_d1883-
245 1 0 _aBibliography and index of publications relating to ground water prepared by the Geological Survey and cooperating agencies /
_cby Gerald A. Waring and Oscar E. Meinzer.
260 _aWashington, D.C. :
_bU.S. G.P.O.,
_c1947.
300 _aii, 412 p. ;
_c24 cm.
440 0 _aGeological Survey water-supply paper ;
_v992
501 _aWith : Geology and ground-water resources of Cedar City and Parowan vallays, Iron county, Utah. Washington : U.S. Govt. Print. Off.,1947. Bound together subsequent to publication.
_5DLC
650 0 _aGroundwater
_zUnited States
_xBibliography.
650 0 _aWater-supply
_zUnited States
_xBibliography.
700 1 _aMeinzer, O. E.
_q(Oscar Edward),
_d1876-1948.
999 _c28194
_d28194